سامان زار انتخاب شعار فارسی ایران ہند / (Record no. 107799)

MARC details
000 -LEADER
fixed length control field 00961nam a22002657a 4500
005 - DATE AND TIME OF LATEST TRANSACTION
control field 20170123162331.0
010 ## - LIBRARY OF CONGRESS CONTROL NUMBER
LC control number A-318564
020 ## - INTERNATIONAL STANDARD BOOK NUMBER
Terms of availability 60.00
035 ## - SYSTEM CONTROL NUMBER
System control number A-318564
037 ## - SOURCE OF ACQUISITION
Source of stock number/acquisition Cen Lib/Ret
040 ## - CATALOGING SOURCE
Original cataloging agency DPL
Language of cataloging UR
082 ## - DEWEY DECIMAL CLASSIFICATION NUMBER
Classification number 841
Item number ض ی ا
100 ## - MAIN ENTRY--PERSONAL NAME
Personal name زیا احمد بدایونی
9 (RLIN) 113604
245 ## - TITLE STATEMENT
Title سامان زار انتخاب شعار فارسی ایران ہند /
Statement of responsibility, etc زیا احمد بدایونی
246 ## - VARYING FORM OF TITLE
Title proper/short title Ziya Ahmad Balyauni /
Remainder of title by Ziya Ahmad Badyuni
250 ## - EDITION STATEMENT
Edition statement 2nd ed.
260 ## - PUBLICATION, DISTRIBUTION, ETC. (IMPRINT)
Name of publisher, distributor, etc ایجوکیشنل پبلشنگ ہاؤس
Place of publication, distribution, etc دہلی
Date of publication, distribution, etc 1987
270 ## - ADDRESS
City دہلی
Address ٣١٠٨، گلی عزیزددیں وکیل سٹریت کچہ پنڈت لال کون
Postal code 110002
300 ## - PHYSICAL DESCRIPTION
Extent 459p.
Dimensions 21cm(Hb)
650 ## - SUBJECT ADDED ENTRY--TOPICAL TERM
Topical term or geographic name as entry element ادب -- اردو
9 (RLIN) 121582
650 ## - SUBJECT ADDED ENTRY--TOPICAL TERM
Topical term or geographic name as entry element اردو نظم
9 (RLIN) 121583
650 ## - SUBJECT ADDED ENTRY--TOPICAL TERM
Topical term or geographic name as entry element Urdu literature
9 (RLIN) 121584
650 ## - SUBJECT ADDED ENTRY--TOPICAL TERM
Topical term or geographic name as entry element Urdu poetry
9 (RLIN) 121585
942 ## - ADDED ENTRY ELEMENTS (KOHA)
Source of classification or shelving scheme Dewey Decimal Classification
Koha item type Urdu Bks
Classification part 841
Call number suffix ض ی ا
Holdings
Withdrawn status Lost status Damaged status Not for loan Home library Current library Date acquired Source of acquisition Cost, normal purchase price Total Checkouts Full call number Barcode Date last seen Copy number Cost, replacement price Price effective from Koha item type
        Central Library Central Library 11/01/2016 Cen Lib/Ret 60.00   841 ض ی ا A-318564 11/01/2016 1 60.00 11/01/2016 Urdu Bks

© Delhi Public Library
Hit Counter
free hit counter